000 00497nam a2200205Ia 4500
005 20240823012528.0
008 240823s9999||||xx |||||||||||||| ||und||
020 _a81-203-1746-7
041 _aENGLISH
082 _A658.5 P2
100 _aMishra R C
245 0 _aMaintenance Engineering and Management
250 _a1st
260 _c2002
_b"PHI,New "
_aNew Delhi
500 _aYES
650 _aManagement
_bManagement Studies
700 _a Pathak K
942 _cBK
999 _c164656
_d164656